000 00288nam a2200133Ia 4500
008 191201s2008 xx 000 0 und d
100 _aJAIN, D R
245 0 _aBusiness Statistics
250 _aRep
260 _aN.Delhi
_bTMH
_c2008
300 _aMISC
650 _aMBA
942 _2ddc
_cBK
999 _c3207
_d3207